[Event "World-chT Rapid"]
[Site "Dusseldorf"]
[Date "2023.08.28"]
[Round "9"]
[White "Nechitailo, Lev"]
[Black "Shahsanam, Alireza"]
[Result "0-1"]
[WhiteElo "1510"]
[BlackElo "1782"]
[PlyCount "104"]
[EventDate "2023.08.26"]
[EventType "team-swiss (rapid)"]
[EventRounds "12"]
[EventCountry "GER"]
[SourceTitle "CBM 215 Extra"]
[Source "ChessBase"]
[SourceDate "2023.09.30"]
[SourceVersion "1"]
[SourceVersionDate "2023.09.30"]
[SourceQuality "1"]
[WhiteTeam "Chess Wizzards"]
[BlackTeam "Phile Khoob CC"]
[WhiteTeamCountry "UKR"]
[BlackTeamCountry "IRI"]

1. e4 e6 2. d4 d5 3. e5 c5 4. c3 Qb6 5. Nf3 Bd7 6. Bd3 Nc6 7. Bc2 cxd4 8. cxd4 Nb4 9. Nc3 Nxc2+ 10. Qxc2 Rc8 11. Bd2 Bb5 12. a4 Ba6 13. a5 Qd8 14. Qa4+ Qd7 15. b4 Bd3 16. Qxd7+ Kxd7 17. Na4 Be4 18. Nc5+ Bxc5 19. dxc5 Bxf3 20. gxf3 Ne7 21. Rc1 a6 22. Ke2 Nc6 23. f4 Nd4+ 24. Kd3 Nf5 25. Rb1 Kc6 26. Rhc1 Kb5 27. Be3 h5 28. c6 Rxc6 29. Rxc6 Kxc6 30. Bb6 Rc8 31. Rc1+ Kd7 32. Rb1 Rc4 33. b5 Rxf4 34. bxa6 bxa6 35. Ba7 Ra4 36. Rb7+ Kc6 37. Rb6+ Kc7 38. Bb8+ Kc8 39. Bd6 Rxa5 40. Rb8+ Kd7 41. Rb7+ Kc6 42. Rc7+ Kb5 43. Rb7+ Kc6 44. Rc7+ Kb6 45. Rxf7 Ra2 46. Bf8 Rxf2 47. Bxg7 Rxh2 48. Bf6 h4 49. Rf8 h3 50. Re8 Rh1 51. Rxe6+ Kb5 52. Re8 h2 0-1

[Event "World-chT Rapid"]
[Site "Dusseldorf"]
[Date "2023.08.27"]
[Round "5.18"]
[White "Holoubek, Jonas"]
[Black "Shahsanam, Alireza"]
[Result "0-1"]
[WhiteElo "1570"]
[BlackElo "1782"]
[PlyCount "114"]
[EventDate "2023.08.26"]
[EventType "team-swiss (rapid)"]
[EventRounds "12"]
[EventCountry "GER"]
[SourceTitle "CBM 215 Extra"]
[Source "ChessBase"]
[SourceDate "2023.09.30"]
[SourceVersion "1"]
[SourceVersionDate "2023.09.30"]
[SourceQuality "1"]
[WhiteTeam "Bayreuth Unischach"]
[BlackTeam "Phile Khoob CC"]
[WhiteTeamCountry "GER"]
[BlackTeamCountry "IRI"]

1. d4 Nf6 2. c4 g6 3. Nc3 Bg7 4. Nf3 d6 5. Bg5 h6 6. Bh4 0-0 7. e3 c5 8. Be2 cxd4 9. exd4 Nh5 10. Qc2 Nf4 11. 0-0 Nc6 12. Rad1 Bg4 13. h3 Bxf3 14. Bxf3 Nxd4 15. Qe4 Nxf3+ 16. Qxf3 g5 17. Bg3 Ne6 18. Qxb7 a5 19. Nd5 Re8 20. b3 a4 21. b4 Nd4 22. Rfe1 e6 23. Ne3 Rb8 24. Qe4 Qb6 25. Rb1 f5 26. c5 Qb5 27. Nxf5 exf5 28. Qd5+ Kh8 29. Rxe8+ Rxe8 30. Bxd6 Ne2+ 31. Kh1 Nc3 32. Qxf5 Nxb1 33. Qxb1 Bc3 34. Qg6 Bg7 35. a3 Qe2 36. Kg1 Qe1+ 37. Kh2 Be5+ 38. Bxe5+ Qxe5+ 39. g3 Re6 40. Qf7 Rf6 41. Qa2 Qd4 42. Kg2 Qe4+ 43. Kh2 Qf3 44. Kg1 Qd1+ 45. Kg2 Qb3 46. Qa1 Qf3+ 47. Kg1 Qxf2+ 48. Kh1 Qf3+ 49. Kh2 Kh7 50. Qb1+ Kg7 51. Qe1 Qf2+ 52. Qxf2 Rxf2+ 53. Kg1 Rc2 54. Kf1 Kf6 55. Ke1 Ke5 56. Kd1 Rc3 57. Kd2 Rxa3 0-1

[Event "World-chT Rapid"]
[Site "Dusseldorf"]
[Date "2023.08.27"]
[Round "6.15"]
[White "Shahsanam, Alireza"]
[Black "Braeutigam, Alexander"]
[Result "1-0"]
[WhiteElo "1782"]
[BlackElo "1911"]
[PlyCount "75"]
[EventDate "2023.08.26"]
[EventType "team-swiss (rapid)"]
[EventRounds "12"]
[EventCountry "GER"]
[SourceTitle "CBM 215 Extra"]
[Source "ChessBase"]
[SourceDate "2023.09.30"]
[SourceVersion "1"]
[SourceVersionDate "2023.09.30"]
[SourceQuality "1"]
[WhiteTeam "Phile Khoob CC"]
[BlackTeam "Kiel Doppelbauer"]
[WhiteTeamCountry "IRI"]
[BlackTeamCountry "GER"]

1. e4 c5 2. Nf3 d6 3. d4 cxd4 4. Nxd4 Nf6 5. Nc3 a6 6. h3 e5 7. Nde2 Be7 8. g4 h6 9. Bg2 b5 10. Be3 Bb7 11. Ng3 g6 12. Qd2 h5 13. gxh5 Nxh5 14. Nxh5 Rxh5 15. Nd5 Bxd5 16. Qxd5 Nd7 17. a4 b4 18. a5 Rc8 19. Bf3 Rh4 20. Qb3 Qc7 21. Bg4 Qc4 22. Qa4 f5 23. exf5 Qe4 24. 0-0-0 gxf5 25. Be2 Qb7 26. Qb3 Nf6 27. Bg5 Rh8 28. Rhg1 Kd7 29. Bxf6 Bxf6 30. Qf7+ Be7 31. Qxf5+ Kc7 32. Rg7 Kb8 33. Rxd6 Bxd6 34. Rxb7+ Kxb7 35. Bf3+ Kc7 36. Qf7+ Kd8 37. Bg4 Rf8 38. Qd7# 1-0

[Event "World-chT Rapid"]
[Site "Dusseldorf"]
[Date "2023.08.26"]
[Round "3.17"]
[White "Shahsanam, Alireza"]
[Black "Bohatyrova, Mariia"]
[Result "1-0"]
[WhiteElo "1782"]
[BlackElo "1398"]
[PlyCount "65"]
[EventDate "2023.08.26"]
[EventType "team-swiss (rapid)"]
[EventRounds "12"]
[EventCountry "GER"]
[SourceTitle "CBM 215 Extra"]
[Source "ChessBase"]
[SourceDate "2023.09.30"]
[SourceVersion "1"]
[SourceVersionDate "2023.09.30"]
[SourceQuality "1"]
[WhiteTeam "Phile Khoob CC"]
[BlackTeam "Deutsche Schachjugend II"]
[WhiteTeamCountry "IRI"]
[BlackTeamCountry "GER"]

1. e4 e5 2. Nc3 Nf6 3. f4 d6 4. Nf3 Nc6 5. Bb5 Bg4 6. h3 Bxf3 7. Qxf3 a6 8. Ba4 b5 9. Nxb5 axb5 10. Bxb5 Qd7 11. Qc3 Nxe4 12. Qxc6 Qxc6 13. Bxc6+ Ke7 14. Bxa8 Nf6 15. d3 Kd7 16. Bf3 Be7 17. 0-0 Rg8 18. c3 exf4 19. Bxf4 g5 20. Be3 c5 21. a4 h5 22. g4 hxg4 23. Bxg4+ Kc7 24. b4 cxb4 25. cxb4 Nd5 26. Rxf7 Kd8 27. Bd2 Nf6 28. Rf1 Nxg4 29. hxg4 Ke8 30. b5 d5 31. Be3 Bd6 32. a5 Rh8 33. a6 1-0